Normal view
MARC view
- BLAND, W.F,DAVIDSON, R.L
Entry Personal Name
001 - CONTROL NUMBER
- control field: 76098
003 - CONTROL NUMBER IDENTIFIER
- control field: NUST
005 - DATE AND TIME OF LATEST TRANSACTION
- control field: 20210628205558.0
008 - FIXED-LENGTH DATA ELEMENTS
- fixed length control field: 210628|| aca||aabn | a|a d
040 ## - CATALOGING SOURCE
- Original cataloging agency: NUST
- Transcribing agency: NUST
100 ## - HEADING--PERSONAL NAME
- Personal name: BLAND, W.F,DAVIDSON, R.L
670 ## - SOURCE DATA FOUND
- Source citation: Work cat.: (NUST): BLAND, W.F,DAVIDSON, R.L, PETROLEUM PROCESSING HANDBOOK, 1967
